Statistics for Countries That Are Smaller Than Hawaii

Click here to take the quiz!

General Stats

  • This quiz has been taken 38 times
    (27 since last reset)
  • The average score is 40 of 59

Answer Stats

Area (km^2)Country% Correct
0.4Vatican City
96%
21.2Nauru
83%
61.2San Marino
83%
12,189Vanuatu
83%
751Dominica
79%
18,274Fiji
79%
10,831Jamaica
79%
160Liechtenstein
79%
2,586Luxembourg
79%
181Marshall Islands
79%
702Micronesia
79%
2.0Monaco
79%
459Palau
79%
2,821Samoa
79%
717Tonga
79%
25.6Tuvalu
79%
14,874East Timor
75%
27,560Haiti
75%
298Maldives
75%
316Malta
75%
11,586Qatar
75%
261Saint Kitts and Nevis
75%
606Saint Lucia
75%
455Seychelles
75%
27,986Solomon Islands
75%
760Bahrain
71%
430Barbados
71%
389Saint Vincent and the Grenadines
71%
468Andorra
67%
442.6Antigua and Barbuda
67%
10,101Bahamas
67%
9,241Cyprus
67%
10,120Gambia
67%
811Kiribati
67%
10,887Kosovo
67%
17,818Kuwait
67%
24,668Rwanda
67%
687Singapore
67%
22,806Belize
63%
5,265Brunei
63%
4,033Cape Verde
63%
2,235Comoros
63%
28,051Equatorial Guinea
63%
344Grenada
63%
10,230Lebanon
63%
25,433Macedonia
63%
2,030Mauritius
63%
23,180Djibouti
58%
20,721El Salvador
58%
964Sao Tome and Principe
58%
5,128Trinidad and Tobago
58%
25,680Burundi
54%
20,330Israel
54%
13,452Montenegro
54%
17,204Swaziland
54%
28,120Guinea-Bissau
50%
27,398Albania
46%
20,151Slovenia
46%
28,203Armenia
38%

Score Distribution

Percentile by Number Answered

Percent of People with Each Score

Your Score History

You have not taken this quiz since the last reset